[Event "SVK-chT1E 1617"]
[Site "Slovakia"]
[Date "2016.10.16"]
[Round "2.8"]
[White "Zvarikova, Alexandra"]
[Black "Ondo, Tomas"]
[Result "1/2-1/2"]
[WhiteElo "2031"]
[BlackElo "1834"]
[PlyCount "54"]
[EventDate "2016.10.15"]
[EventType "team-tourn"]
[EventRounds "11"]
[EventCountry "SVK"]
[SourceTitle "CBM 175 Extra"]
[Source "ChessBase"]
[SourceDate "2016.12.12"]
[SourceVersion "1"]
[SourceVersionDate "2016.12.12"]
[SourceQuality "1"]
[WhiteTeam "Zilina Mladost"]
[BlackTeam "Michalovce Zemplin"]
[WhiteTeamCountry "SVK"]
[BlackTeamCountry "SVK"]

1. e4 e5 2. Nf3 Nc6 3. Bb5 a6 4. Ba4 Nf6 5. 0-0 b5 6. Bb3 Be7 7. h3 d6 8. c3 0-0 9. d4 exd4 10. cxd4 d5 11. e5 Ne4 12. Nc3 Nxc3 13. bxc3 Na5 14. Bc2 Nc4 15. Nh2 f6 16. exf6 Bxf6 17. Ng4 Be7 18. Ne3 Nxe3 19. fxe3 Rxf1+ 20. Qxf1 Be6 21. e4 Qd7 22. exd5 Bxd5 23. Qd3 g6 24. Bh6 Bf8 25. Bxf8 Rxf8 26. Bb3 Qf7 27. Qc2 Qe6 1/2-1/2

[Event "SVK-chT1E 1516"]
[Site "Slovakia"]
[Date "2015.11.15"]
[Round "4.6"]
[White "Hros, Roman"]
[Black "Zvarikova, Alexandra"]
[Result "1/2-1/2"]
[WhiteElo "2147"]
[BlackElo "2035"]
[PlyCount "57"]
[EventDate "2015.10.24"]
[EventType "team-tourn"]
[EventRounds "11"]
[EventCountry "SVK"]
[SourceTitle "CBM 169 Extra"]
[Source "ChessBase"]
[SourceDate "2015.12.18"]
[SourceVersion "1"]
[SourceVersionDate "2015.12.18"]
[SourceQuality "1"]
[WhiteTeam "Liptov Chess School II"]
[BlackTeam "Zilina Mladost"]
[WhiteTeamCountry "SVK"]
[BlackTeamCountry "SVK"]

1. Nf3 Nf6 2. b3 g6 3. Bb2 Bg7 4. c4 0-0 5. g3 d6 6. Bg2 e5 7. 0-0 Nc6 8. Nc3 Be6 9. d4 Nxd4 10. Nxd4 exd4 11. Qxd4 Nd5 12. Qd2 Nxc3 13. Bxc3 Bxc3 14. Qxc3 Qc8 15. Rfe1 Bh3 16. Bh1 Re8 17. Rad1 Bg4 18. f3 Bd7 19. e4 Bc6 20. f4 b6 21. e5 Bxh1 22. Kxh1 dxe5 23. Rxe5 Qb7+ 24. Kg1 Qc6 25. Red5 Re2 26. Rd8+ Rxd8 27. Rxd8+ Re8 28. Rxe8+ Qxe8 29. Kf2 1/2-1/2

[Event "CZE/SVK-chT (Women)"]
[Site "Ricany"]
[Date "2015.06.29"]
[Round "3"]
[White "Zvarikova, Alexandra"]
[Black "Zavurkova, Monika"]
[Result "1/2-1/2"]
[WhiteElo "2053"]
[BlackElo "1821"]
[PlyCount "60"]
[EventDate "2015.06.27"]
[EventType "team-tourn"]
[EventRounds "7"]
[EventCountry "CZE"]
[SourceTitle "EXT 2017"]
[Source "ChessBase"]
[SourceDate "2016.10.25"]
[SourceVersion "1"]
[SourceVersionDate "2016.10.25"]
[SourceQuality "1"]

1. e4 e6 2. d4 d5 3. Nc3 dxe4 4. Nxe4 Nd7 5. Nf3 Ngf6 6. Bg5 Be7 7. Nxf6+ Bxf6 8. Bxf6 Nxf6 9. Bd3 0-0 10. 0-0 b6 11. Qe2 Bb7 12. Rad1 Qe7 13. c4 Rfe8 14. Rfe1 Qf8 15. Ne5 c5 16. Bb1 Rad8 17. dxc5 Qxc5 18. a3 Qf8 19. b4 Rxd1 20. Rxd1 Rd8 21. Rxd8 Qxd8 22. Qd3 Qc7 23. Qd4 Ne8 24. Qd7 Qxd7 25. Nxd7 f6 26. c5 b5 27. Nb8 Kf7 28. f3 Nc7 29. Be4 Nd5 30. Bd3 Nc7 1/2-1/2

[Event "SVK-chT2C 1314"]
[Site "Slovakia"]
[Date "2014.02.01"]
[Round "7.3"]
[White "Adamko, Peter"]
[Black "Zvarikova, Alexandra"]
[Result "1/2-1/2"]
[WhiteElo "2149"]
[BlackElo "2001"]
[PlyCount "121"]
[EventDate "2013.10.19"]
[EventType "team-tourn"]
[EventRounds "11"]
[EventCountry "SVK"]
[SourceTitle "EXT 2015"]
[Source "ChessBase"]
[SourceDate "2014.11.20"]
[SourceVersion "1"]
[SourceVersionDate "2014.11.20"]
[SourceQuality "1"]
[WhiteTeam "Cadca II"]
[BlackTeam "Zilina Mladost II"]
[WhiteTeamCountry "SVK"]
[BlackTeamCountry "SVK"]

1. e4 e6 2. Nf3 d5 3. Nc3 d4 4. Ne2 c5 5. c3 Nc6 6. cxd4 cxd4 7. Qa4 Bc5 8. b4 Bxb4 9. Nexd4 Qa5 10. Bb5 Qxa4 11. Bxa4 Bd7 12. Rb1 Nxd4 13. Bxd7+ Kxd7 14. Nxd4 Bc5 15. Nf3 Kc7 16. Bb2 Nf6 17. Be5+ Kc6 18. d4 Bb6 19. Bxf6 gxf6 20. 0-0 Rac8 21. Rfd1 Rhg8 22. g3 Rg4 23. Rbc1+ Kd7 24. Rxc8 Kxc8 25. Re1 Kd7 26. Kf1 Kd6 27. h3 Rg8 28. Rc1 Rd8 29. Ke2 Rd7 30. Kd3 Rc7 31. Rxc7 Bxc7 32. Nd2 b5 33. g4 Bb6 34. f4 Ba5 35. Nf3 Bc7 36. f5 h6 37. Nd2 e5 38. d5 Kc5 39. Nf3 Kb4 40. Kc2 Kc4 41. h4 a5 42. g5 fxg5 43. Nxg5 f6 44. Nf7 Kd4 45. Nxh6 Kxe4 46. h5 b4 47. Ng8 Kxf5 48. h6 Kg6 49. h7 Kxh7 50. Nxf6+ Kg6 51. Ne4 Kf5 52. Kd3 Bb6 53. Nd2 Bd8 54. Ne4 a4 55. d6 b3 56. axb3 a3 57. Nc3 e4+ 58. Kc2 Bf6 59. d7 e3 60. Kd3 Ke6 61. Na2 1/2-1/2

[Event "SVK-chT2C 10/11"]
[Site "Slovakia"]
[Date "2011.03.06"]
[Round "9.2"]
[White "Zvarikova, Alexandra"]
[Black "Puskar, Jan"]
[Result "1/2-1/2"]
[WhiteElo "2018"]
[BlackElo "1983"]
[PlyCount "60"]
[EventDate "2010.10.23"]
[EventType "team-tourn"]
[EventRounds "11"]
[EventCountry "SVK"]
[SourceTitle "EXT 2019"]
[Source "ChessBase"]
[SourceDate "2018.10.10"]
[SourceVersion "1"]
[SourceVersionDate "2018.10.10"]
[SourceQuality "1"]
[WhiteTeam "Zilina Mladost II"]
[BlackTeam "Banska Bystrica CVC"]
[WhiteTeamCountry "SVK"]
[BlackTeamCountry "SVK"]

1. e4 e5 2. Nf3 Nf6 3. Nxe5 d6 4. Nf3 Nxe4 5. d4 d5 6. Bd3 Nc6 7. 0-0 Be7 8. Bf4 0-0 9. Nc3 Bf5 10. Qe2 Re8 11. Nb5 Rc8 12. Ne5 Nxe5 13. Bxe5 c6 14. Nc3 Bd6 15. Qf3 Bxe5 16. Qxf5 g6 17. Qf3 Ng5 18. Qg4 Bg7 19. Ne2 f5 20. Qg3 Ne4 21. Qf4 Qc7 22. c3 Qxf4 23. Nxf4 Bh6 24. Nh3 Nd6 25. Rfe1 Kf8 26. Kf1 Rc7 27. Rxe8+ Kxe8 28. Re1+ Re7 29. f4 Rxe1+ 30. Kxe1 Ke7 1/2-1/2

[Event "SVK-chT 0910"]
[Site "Slovakia"]
[Date "2010.03.12"]
[Round "9"]
[White "Zvarikova, Alexandra"]
[Black "Huba, Martin Jr"]
[Result "1-0"]
[WhiteElo "2003"]
[BlackElo "2223"]
[PlyCount "99"]
[EventDate "2009.10.24"]
[EventType "team-tourn"]
[EventRounds "11"]
[EventCountry "SVK"]
[SourceTitle "EXT 2019"]
[Source "ChessBase"]
[SourceDate "2018.10.10"]
[SourceVersion "1"]
[SourceVersionDate "2018.10.10"]
[SourceQuality "1"]
[WhiteTeam "Zilina Mladost"]
[BlackTeam "Prievidza"]
[WhiteTeamCountry "SVK"]
[BlackTeamCountry "SVK"]

1. e4 Nf6 2. e5 Nd5 3. c4 Nb6 4. d4 d6 5. exd6 exd6 6. Be3 Be7 7. Bd3 0-0 8. Ne2 Nc6 9. a3 Bf6 10. 0-0 Re8 11. Qc2 g6 12. Nbc3 Bg4 13. h3 Bxe2 14. Nxe2 Bg5 15. Qd2 Bxe3 16. fxe3 Qg5 17. Nf4 Re7 18. Qf2 Rae8 19. e4 Qf6 20. Ne2 Qxf2+ 21. Rxf2 Na5 22. Rc1 c5 23. dxc5 dxc5 24. Nf4 Nb3 25. Rc3 Nd4 26. Nd5 Nxd5 27. cxd5 b6 28. b4 cxb4 29. axb4 Rd8 30. g4 Kg7 31. Kg2 a5 32. bxa5 bxa5 33. g5 h6 34. Ra2 hxg5 35. Ra4 Nf5 36. exf5 Rxd5 37. fxg6 fxg6 38. Be4 Rde5 39. Bf3 Rd7 40. Kg3 Rd2 41. Rc7+ Kf6 42. Ra3 Re1 43. Rc6+ Kg7 44. Bg4 Re5 45. Rc7+ Kh6 46. Ra7 Rdd5 47. Rf3 Rd8 48. Rff7 Rh8 49. Rf6 Rh7 50. Raa6 1-0

[Event "SVK-chT2C 0910"]
[Site "Slovakia"]
[Date "2010.02.27"]
[Round "10.5"]
[White "Uhrincat, Ivan"]
[Black "Zvarikova, Alexandra"]
[Result "1/2-1/2"]
[WhiteElo "2069"]
[BlackElo "2003"]
[PlyCount "45"]
[EventDate "2009.10.10"]
[EventType "team-tourn"]
[EventRounds "11"]
[EventCountry "SVK"]
[SourceTitle "EXT 2011"]
[Source "ChessBase"]
[SourceDate "2010.11.26"]
[SourceVersion "1"]
[SourceVersionDate "2010.11.26"]
[SourceQuality "1"]
[WhiteTeam "Banska Bystrica Kurta"]
[BlackTeam "Kysucke Nove Mesto"]
[WhiteTeamCountry "SVK"]
[BlackTeamCountry "SVK"]

1. d4 Nf6 2. c4 g6 3. Nc3 Bg7 4. e4 d6 5. Be2 0-0 6. Bg5 h6 7. Be3 e5 8. d5 Kh7 9. g4 Ne8 10. Qd2 a6 11. h4 Bd7 12. f3 c5 13. Bd3 Nc7 14. Nge2 b5 15. Ng3 bxc4 16. Bxc4 Rh8 17. h5 g5 18. a4 Bf6 19. Kf2 Bc8 20. Rhb1 a5 21. Nb5 Nca6 22. b3 Nb4 23. Ne2 1/2-1/2

[Event "SVK-chT1E 0910"]
[Site "Slovakia"]
[Date "2010.02.14"]
[Round "9.3"]
[White "Zvarikova, Alexandra"]
[Black "Demeter, Peter"]
[Result "1/2-1/2"]
[WhiteElo "2003"]
[BlackElo "2248"]
[PlyCount "34"]
[EventDate "2009.10.17"]
[EventType "team"]
[EventRounds "11"]
[EventCountry "SVK"]
[SourceTitle "EXT 2011"]
[Source "ChessBase"]
[SourceDate "2010.11.26"]
[SourceVersion "1"]
[SourceVersionDate "2010.11.26"]
[SourceQuality "1"]
[WhiteTeam "Zilina Mladost juniors"]
[BlackTeam "Sabinov"]
[WhiteTeamCountry "SVK"]
[BlackTeamCountry "SVK"]

1. e4 c5 2. Nf3 d6 3. c3 Nf6 4. Bd3 g6 5. Bc2 Bg7 6. 0-0 0-0 7. h3 Nc6 8. Re1 e5 9. d4 cxd4 10. cxd4 Nh5 11. dxe5 dxe5 12. Nc3 Be6 13. Ng5 Nd4 14. Nxe6 fxe6 15. Bb3 Qf6 16. Be3 Bh6 17. Rf1 Bf4 1/2-1/2

[Event "SVK-chT1E 0910"]
[Site "Slovakia"]
[Date "2010.02.13"]
[Round "8.3"]
[White "Zvarikova, Alexandra"]
[Black "Kopnicky, Vladimir"]
[Result "1-0"]
[WhiteElo "2003"]
[BlackElo "2141"]
[PlyCount "43"]
[EventDate "2009.10.17"]
[EventType "team"]
[EventRounds "11"]
[EventCountry "SVK"]
[SourceTitle "EXT 2011"]
[Source "ChessBase"]
[SourceDate "2010.11.26"]
[SourceVersion "1"]
[SourceVersionDate "2010.11.26"]
[SourceQuality "1"]
[WhiteTeam "Zilina Mladost juniors"]
[BlackTeam "Svit"]
[WhiteTeamCountry "SVK"]
[BlackTeamCountry "SVK"]

1. e4 e5 2. Nf3 Nc6 3. Bb5 a6 4. Ba4 d6 5. d4 b5 6. Bb3 Nxd4 7. Nxd4 exd4 8. Bd5 Rb8 9. Qxd4 Nf6 10. 0-0 Be7 11. Bc6+ Bd7 12. Bxd7+ Qxd7 13. Nc3 0-0 14. Bf4 b4 15. Ne2 Qc6 16. Ng3 Nd7 17. Nf5 Bf6 18. Qxf6 Nxf6 19. Ne7+ Kh8 20. Nxc6 Rb6 21. Nd4 Nxe4 22. Rfe1 1-0

[Event "SVK-chT1E 0910"]
[Site "Slovakia"]
[Date "2009.11.15"]
[Round "4.5"]
[White "Zvarikova, Alexandra"]
[Black "Koval, Anton"]
[Result "0-1"]
[WhiteElo "2003"]
[BlackElo "2170"]
[PlyCount "79"]
[EventDate "2009.10.17"]
[EventType "team"]
[EventRounds "11"]
[EventCountry "SVK"]
[SourceTitle "EXT 2011"]
[Source "ChessBase"]
[SourceDate "2010.11.26"]
[SourceVersion "1"]
[SourceVersionDate "2010.11.26"]
[SourceQuality "1"]
[WhiteTeam "Zilina Mladost juniors"]
[BlackTeam "Bardejov BSK"]
[WhiteTeamCountry "SVK"]
[BlackTeamCountry "SVK"]

1. e4 c5 2. Nf3 e6 3. d4 cxd4 4. Nxd4 a6 5. Be3 Nf6 6. Bd3 Nc6 7. c3 Ne5 8. Bc2 b5 9. 0-0 Bb7 10. Bg5 Qb6 11. Qe2 Bc5 12. Nb3 Be7 13. N1d2 0-0 14. Nf3 d6 15. Rfd1 Qc7 16. a4 Nc4 17. Bd3 h6 18. Bh4 Rfc8 19. axb5 axb5 20. Nbd4 Qc5 21. Rxa8 Rxa8 22. Nxb5 Qxb5 23. Bxc4 Qc6 24. Bd3 g5 25. Nd4 Qb6 26. Bg3 Ra2 27. Rb1 Nd7 28. Nxe6 fxe6 29. Bc4 Ra7 30. Bxe6+ Kg7 31. Bxd7 Ba6 32. Qg4 Bd3 33. Re1 Qxb2 34. Qe6 Bf8 35. e5 Qxc3 36. Qf6+ Kh7 37. Qf7+ Bg7 38. Bf5+ Bxf5 39. Qxf5+ Kh8 40. Qe4 0-1

[Event "SVK-chT1E 0910"]
[Site "Slovakia"]
[Date "2009.10.18"]
[Round "2.1"]
[White "Zvarikova, Alexandra"]
[Black "Jelen, Peter"]
[Result "0-1"]
[WhiteElo "2003"]
[BlackElo "2180"]
[PlyCount "98"]
[EventDate "2009.10.17"]
[EventType "team"]
[EventRounds "11"]
[EventCountry "SVK"]
[SourceTitle "EXT 2011"]
[Source "ChessBase"]
[SourceDate "2010.11.26"]
[SourceVersion "1"]
[SourceVersionDate "2010.11.26"]
[SourceQuality "1"]
[WhiteTeam "Zilina Mladost juniors"]
[BlackTeam "Liptov"]
[WhiteTeamCountry "SVK"]
[BlackTeamCountry "SVK"]

1. e4 c5 2. Nf3 Nc6 3. d4 cxd4 4. Nxd4 Nf6 5. Nc3 d6 6. Be2 e5 7. Nb3 Be7 8. 0-0 0-0 9. f4 exf4 10. Bxf4 Be6 11. Kh1 Rc8 12. Nd4 Ne5 13. Nf5 Bxf5 14. exf5 Qb6 15. Rb1 Nc4 16. Bxc4 Rxc4 17. Qe2 Qc7 18. Bg5 h6 19. Rbe1 hxg5 20. Qxe7 Qc6 21. Qe3 Rb4 22. Qxg5 Rxb2 23. Rf3 Ne4 24. Nxe4 Qxe4 25. Ref1 Rxc2 26. Rg3 Qe5 27. Re3 f6 28. Rxe5 fxg5 29. Rd5 Rxa2 30. g4 Re8 31. Rfd1 Ree2 32. h3 Rh2+ 33. Kg1 Rxh3 34. Rxd6 Rg3+ 35. Kh1 Rxg4 36. f6 Rf4 37. fxg7 Kxg7 38. Rd7+ Rf7 39. R7d5 Kg6 40. Rd6+ Rf6 41. R6d5 Rf5 42. Rd6+ Kh5 43. Rd8 Raf2 44. Kg1 Kg4 45. R8d7 Rb2 46. R1d4+ Kg3 47. Rd3+ Rf3 48. Rd1 g4 49. Rg7 a5 0-1

[Event "EU-chT U18 Girls 9th"]
[Site "Pardubice"]
[Date "2009.07.19"]
[Round "4"]
[White "Zvarikova, Alexandra"]
[Black "Labedz, Patrycja"]
[Result "0-1"]
[WhiteElo "1984"]
[BlackElo "2044"]
[PlyCount "124"]
[EventDate "2009.07.16"]
[EventType "team-swiss"]
[EventRounds "7"]
[EventCountry "CZE"]
[SourceTitle "EXT 2020"]
[Source "ChessBase"]
[SourceDate "2019.10.17"]
[SourceVersion "1"]
[SourceVersionDate "2019.10.17"]
[SourceQuality "1"]
[WhiteTeam "Slovakia U18 (W)"]
[BlackTeam "Poland U18 (W)"]
[WhiteTeamCountry "SVK"]
[BlackTeamCountry "POL"]

1. e4 c6 2. d4 d5 3. e5 Bf5 4. Nd2 e6 5. Nb3 Nd7 6. Nf3 Ne7 7. Be2 c5 8. Nxc5 Nxc5 9. dxc5 Nc6 10. Be3 Qc7 11. 0-0 Bg4 12. Bb5 Bxf3 13. Qxf3 Qxe5 14. c4 Rd8 15. Rfe1 Be7 16. Rad1 0-0 17. cxd5 Rxd5 18. Bxc6 bxc6 19. Rxd5 exd5 20. Bd2 Qc7 21. Bf4 Qb7 22. Qe3 Re8 23. b4 Qd7 24. Qe5 Kf8 25. Kf1 Bf6 26. Qxe8+ Qxe8 27. Rxe8+ Kxe8 28. Bd2 Kd7 29. Ke2 Bd4 30. a4 Ke6 31. Be1 Be5 32. h3 d4 33. Kd3 Kd5 34. Bd2 g6 35. Bh6 f5 36. Bf8 a6 37. Bh6 Bf6 38. Bd2 Bd8 39. f3 a5 40. Be1 axb4 41. Bxb4 Be7 42. a5 Bxc5 43. a6 Ba7 44. Be7 c5 45. g4 c4+ 46. Kd2 Kc6 47. h4 Kb5 48. h5 Kxa6 49. hxg6 hxg6 50. gxf5 gxf5 51. Bf6 Kb5 52. Kc2 Bb6 53. Be5 Kc5 54. Bf6 Ba5 55. Be7+ Kd5 56. Bf6 Bc7 57. Bg7 Be5 58. Bh6 f4 59. Bf8 d3+ 60. Kd2 Bd6 61. Bg7 Bb4+ 62. Kd1 c3 0-1

[Event "EU-chT U18 Girls 9th"]
[Site "Pardubice"]
[Date "2009.07.18"]
[Round "3"]
[White "Kaya, Emel"]
[Black "Zvarikova, Alexandra"]
[Result "0-1"]
[WhiteElo "1909"]
[BlackElo "1984"]
[PlyCount "76"]
[EventDate "2009.07.16"]
[EventType "team-swiss"]
[EventRounds "7"]
[EventCountry "CZE"]
[SourceTitle "EXT 2020"]
[Source "ChessBase"]
[SourceDate "2019.10.17"]
[SourceVersion "1"]
[SourceVersionDate "2019.10.17"]
[SourceQuality "1"]
[WhiteTeam "Turkey U18 (W) II"]
[BlackTeam "Slovakia U18 (W)"]
[WhiteTeamCountry "TUR"]
[BlackTeamCountry "SVK"]

1. e4 e6 2. c4 d5 3. exd5 exd5 4. cxd5 Nf6 5. Bb5+ Nbd7 6. Nc3 Be7 7. Nf3 0-0 8. 0-0 Nb6 9. d4 Nbxd5 10. Re1 c6 11. Bd3 h6 12. Ne5 Be6 13. Ng6 Re8 14. Nxd5 Bxd5 15. Nxe7+ Rxe7 16. Bf4 Rxe1+ 17. Qxe1 Qd7 18. f3 Bc4 19. Qc3 Nd5 20. Qxc4 Nxf4 21. Be4 Qxd4+ 22. Qxd4 Ne2+ 23. Kf2 Nxd4 24. Rd1 Rd8 25. Rd3 Kf8 26. Ke3 Ne6 27. Rxd8+ Nxd8 28. Kd4 Ke7 29. a4 Kd6 30. b4 Ne6+ 31. Kc4 b6 32. h4 Nf4 33. g4 h5 34. Kd4 Ng2 35. gxh5 a6 36. h6 gxh6 37. Bc2 c5+ 38. Ke4 f5+ 0-1

[Event "SVK-ch U20 Girls"]
[Site "Trencin"]
[Date "2009.06.30"]
[Round "4"]
[White "Motycakova, Monika"]
[Black "Zvarikova, Alexandra"]
[Result "1/2-1/2"]
[WhiteElo "2019"]
[BlackElo "1947"]
[PlyCount "46"]
[EventDate "2009.06.28"]
[EventType "tourn"]
[EventRounds "9"]
[EventCountry "SVK"]
[SourceTitle "CBM 131 Extra"]
[Source "ChessBase"]
[SourceDate "2009.09.03"]
[SourceVersion "2"]
[SourceVersionDate "2009.09.16"]
[SourceQuality "1"]

1. e4 e6 2. d4 d5 3. Nd2 Nf6 4. e5 Nfd7 5. Bd3 c5 6. c3 Nc6 7. Ne2 cxd4 8. cxd4 f6 9. exf6 Nxf6 10. 0-0 Bd6 11. Nf3 0-0 12. Bg5 Qc7 13. Bh4 Bd7 14. Rc1 Be8 15. Bg3 Qe7 16. Bxd6 Qxd6 17. Ng3 Ne7 18. Ne5 Nd7 19. Re1 Nxe5 20. Rxe5 Bg6 21. Qe1 Rf6 22. Bxg6 Rxg6 23. Nh5 Rf8 1/2-1/2

[Event "SVK-ch U20 Girls"]
[Site "Trencin"]
[Date "2009.06.28"]
[Round "1"]
[White "Zvarikova, Alexandra"]
[Black "Dvoranova, Maria"]
[Result "1-0"]
[WhiteElo "1947"]
[BlackElo "1895"]
[PlyCount "61"]
[EventDate "2009.06.28"]
[EventType "tourn"]
[EventRounds "9"]
[EventCountry "SVK"]
[SourceTitle "CBM 131 Extra"]
[Source "ChessBase"]
[SourceDate "2009.09.03"]
[SourceVersion "2"]
[SourceVersionDate "2009.09.16"]
[SourceQuality "1"]

1. e4 e6 2. d4 d5 3. Nc3 Nf6 4. Bg5 Bb4 5. e5 h6 6. Bd2 Bxc3 7. bxc3 Ne4 8. Qg4 Kf8 9. Bd3 Nxd2 10. Kxd2 c5 11. h4 Nc6 12. Nf3 Qa5 13. Qf4 Bd7 14. g4 Ke7 15. g5 Raf8 16. gxh6 gxh6 17. Rhg1 b5 18. a3 c4 19. Be2 Ke8 20. Nh2 Ne7 21. h5 Nc8 22. Ng4 Nb6 23. Nxh6 Na4 24. Rg3 Qb6 25. Ng4 a5 26. Nf6+ Kd8 27. Rb1 Qc7 28. h6 Bc6 29. h7 Nb6 30. Rg8 Nd7 31. Qg5 1-0

[Event "SVK-chT2C 0809"]
[Site "Slovakia"]
[Date "2009.01.31"]
[Round "8.6"]
[White "Zvarikova, Alexandra"]
[Black "Kollar, Vladimir"]
[Result "1/2-1/2"]
[WhiteElo "1927"]
[BlackElo "2075"]
[PlyCount "69"]
[EventDate "2008.10.11"]
[EventType "team-tourn"]
[EventRounds "11"]
[EventCountry "SVK"]
[SourceTitle "EXT 2010"]
[Source "ChessBase"]
[SourceDate "2010.11.25"]
[SourceVersion "1"]
[SourceVersionDate "2010.11.25"]
[SourceQuality "1"]
[WhiteTeam "Zilina Mladost juniors"]
[BlackTeam "Zilina Central"]
[WhiteTeamCountry "SVK"]
[BlackTeamCountry "SVK"]

1. e4 e6 2. d4 d5 3. Nc3 dxe4 4. Nxe4 Nd7 5. Nf3 Ngf6 6. Bg5 Be7 7. Nxf6+ Bxf6 8. Qd2 Bxg5 9. Nxg5 h6 10. Ne4 Nf6 11. Nxf6+ Qxf6 12. Bd3 0-0 13. 0-0 Rd8 14. Rad1 b6 15. Rfe1 Bb7 16. Be4 Bxe4 17. Rxe4 Rd7 18. Qe3 Rad8 19. Rd3 Rd5 20. Re5 Rxe5 21. Qxe5 Qe7 22. Rg3 f6 23. Qf4 e5 24. Qxh6 Rxd4 25. h3 c5 26. c3 Rd3 27. Qg6 Rxg3 28. Qxg3 Qd7 29. Qf3 a5 30. Qe2 b5 31. a4 bxa4 32. Qc4+ Kh7 33. Qxc5 Qd1+ 34. Kh2 Qd2 35. Qxa5 1/2-1/2